| 000 | 00555nam a22001817a 4500 | ||
|---|---|---|---|
| 003 | UA-OsUOA | ||
| 001 | 11267 | ||
| 007 | ta | ||
| 008 | 20050303b un ||||| |||| 00| 0 ukr d | ||
| 100 | _aНепомнящая Н.И. | ||
| 942 | _cSA | ||
| 040 |
_aUA-OsUOA _cUA-OsUOA _dUA-OsUOA |
||
| 245 | _aЦелостно-личностный подход к изучению человека | ||
| 300 | _aС.116-125 | ||
| 955 | _a0 | ||
| 773 | 0 |
_w0 _tВопросы психологии _dМ. _d2005 _g№1 |
|
| 650 | 7 |
_aПсихологія особистості _2UDC |
|
| 999 |
_c297428 _d297428 |
||